[Event "Ruhrgebiet Regionalliga 0708"]
[White "Dreesbach, Harald"]
[Black "Weimann, Maximilian"]
[Site "Germany"]
[Round "5.8"]
[Result "0-1"]
[Date "2008.01.27"]
[WhiteElo "1782"]
[BlackElo "2143"]
[PlyCount "74"]
[EventDate "2007.09.16"]
[EventType "team-tourn"]
[EventRounds "9"]
[EventCountry "GER"]
[SourceTitle "EXT 2009"]
[Source "ChessBase"]
[SourceDate "2008.11.26"]
[SourceVersion "1"]
[SourceVersionDate "2008.11.26"]
[SourceQuality "1"]
[WhiteTeam "Ahlen"]
[BlackTeam "Bochum 31 II"]
[WhiteTeamCountry "GER"]
[BlackTeamCountry "GER"]

1. e4 c5 2. Nf3 e6 3. d4 cxd4 4. Nxd4 a6 5. Nc3 Qc7 6. Be2 b5 7. a3 Bb7 8. 0-0 Nf6 9. f3 Bd6 10. Kh1 Be7 11. Be3 0-0 12. Qe1 d5 13. exd5 Nxd5 14. Nxd5 Bxd5 15. Bd3 Nd7 16. Ne2 e5 17. Nc3 Bc6 18. Qf2 f5 19. Rfe1 e4 20. Be2 f4 21. Bd4 e3 22. Qg1 Nc5 23. g3 Ne6 24. Rad1 Rad8 25. Bxe3 fxe3 26. Qxe3 Ng5 27. Rf1 Rxd1 28. Bxd1 Qb7 29. Kg2 Qd7 30. b4 Bf6 31. Ne2 Nxf3 32. Rxf3 Bxf3+ 33. Qxf3 Qxd1 34. Qe4 Qd7 35. Nf4 Re8 36. Qf3 Qd2+ 37. Kh3 Qxc2 0-1

[Event "NRW Class2 0607"]
[White "Weimann, Maximilian"]
[Black "Gassmann, Volker"]
[Site "Germany"]
[Round "8.2"]
[Result "1/2-1/2"]
[Date "2007.04.15"]
[WhiteElo "2184"]
[BlackElo "2283"]
[PlyCount "81"]
[EventDate "2006.09.17"]
[EventType "tourn"]
[EventRounds "9"]
[EventCountry "GER"]
[SourceTitle "EXT 2008"]
[Source "ChessBase"]
[SourceDate "2007.11.25"]
[SourceVersion "1"]
[SourceVersionDate "2007.11.25"]
[SourceQuality "1"]
[WhiteTeam "Bochum 31 II"]
[BlackTeam "Katernberg II"]
[WhiteTeamCountry "GER"]
[BlackTeamCountry "GER"]

1. e4 e6 2. d4 d5 3. Nd2 dxe4 4. Nxe4 Nd7 5. g3 Ngf6 6. Nxf6+ Nxf6 7. Bg2 c5 8. Nf3 Qb6 9. 0-0 Bd7 10. a4 Rd8 11. c3 Bc6 12. Qe2 cxd4 13. Nxd4 Bxg2 14. Kxg2 Be7 15. Qb5+ Qxb5 16. axb5 Bc5 17. Nb3 Bb6 18. Bg5 Rc8 19. Bxf6 gxf6 20. Rfc1 Rc4 21. Na5 Rc7 22. c4 Ke7 23. b4 Bxa5 24. Rxa5 b6 25. Ra6 Rb8 26. Kf3 Rd7 27. Ra3 f5 28. Rb3 Rd4 29. c5 Rb7 30. Ke3 Rd5 31. h3 Ke8 32. Rb2 Ke7 33. Rb3 Ke8 34. Rb2 Ke7 35. Rbb1 Ke8 36. Rc3 Rc7 37. Rbc1 Rb7 38. Rb1 Rc7 39. Rbc1 Rb7 40. Rb3 Rc7 41. Rbc3 1/2-1/2